[Event "4NCL Online Division 4"]
[Site "online"]
[Date "2021.02.09"]
[EventDate "2021.02.09"]
[Round "2.104"]
[White "Wicks, Alexander"]
[WhiteElo "1258"]
[WhiteTeam "Woking Warriors"]
[Black "Feldman, Keith"]
[BlackElo "1351"]
[BlackTeam "St Albans 2"]
[Result "0-1"]
[PlyCount "60"]

1. e4 c5 2. Nf3 d6 3. d4 cxd4 4. Nxd4 a6 5. Nc3 e6 6. Bd3 Be7 7. Be3 Nf6 8. O-O e5 9. Nf5 Nc6 10. Nxg7+ Kd7 11. Nf5 Kc7 12. Na4 Kb8 13. Nxe7 Qxe7 14. Nb6 Rg8 15. g3 Bh3 16. Re1 Ng4 17. Nxa8 Kxa8 18. Bf1 Bxf1 19. Rxf1 Qf6 20. Kg2 h5 21. f3 Nxe3+ 22. Kf2 Nxd1+ 23. Raxd1 Nd4 24. Kg2 h4 25. c3 Ne2 26. g4 Nf4+ 27. Kf2 h3 28. Kg3 Qh6 29. b3 Ng2 30. c4 Qh4# 0-1

[Event "4NCL Online Division 4"]
[Site "online"]
[Date "2021.02.09"]
[EventDate "2021.02.09"]
[Round "2.111"]
[White "Duckers, Harvey L"]
[WhiteElo "2065"]
[WhiteTeam "Crowthorne 1"]
[Black "Barr, Joseph"]
[BlackElo "1495"]
[BlackTeam "Harrow 3"]
[Result "1/2-1/2"]
[PlyCount "148"]

1. e4 c5 2. Nc3 d6 3. Nge2 Nc6 4. g3 Nf6 5. Bg2 g6 6. O-O Bg7 7. h3 O-O 8. d3 a6 9. a4 Bd7 10. Be3 Qc7 11. f4 e6 12. Qd2 Rac8 13. g4 Ne7 14. Ng3 d5 15. Nce2 dxe4 16. dxe4 Rfd8 17. Qe1 b5 18. axb5 Bxb5 19. Rf2 Rd7 20. Nc3 Rcd8 21. g5 Ne8 22. h4 Nc6 23. Nxb5 axb5 24. c3 Nd6 25. Bf1 b4 26. Bxc5 bxc3 27. bxc3 Nb7 28. Be3 Ne7 29. Rc1 Nc5 30. Bxc5 Qxc5 31. Kg2 Nc6 32. e5 Na5 33. Ne4 Qc6 34. Kh2 Nc4 35. Bg2 Qb6 36. Qe2 Ne3 37. Bf3 Nf5 38. h5 Qe3 39. Qxe3 Nxe3 40. Nd6 Nf5 41. Nxf5 exf5 42. Rcc2 Bf8 43. c4 Bc5 44. Rfe2 Rd3 45. Bd5 Rb8 46. e6 fxe6 47. Rxe6 Kg7 48. Rc6 Be3 49. Rc7+ Kf8 50. Rf7+ Ke8 51. hxg6 Bxf4+ 52. Kg2 hxg6 53. Re2+ Kd8 54. Bc6 Re3 55. Rd2+ Kc8 56. Bd7+ Kc7 57. Bxf5+ Kb6 58. Rb2+ Kc5 59. Rxb8 gxf5 60. Rc8+ Kd4 61. Rxf5 Ke4 62. Rxf4+ Kxf4 63. Kf2 Rc3 64. g6 Rc2+ 65. Ke1 Rg2 66. Rc6 Ke3 67. Kd1 Kd3 68. Rd6+ Kxc4 69. Ke1 Kc5 70. Rf6 Kd5 71. Kf1 Rg5 72. Kf2 Ke5 73. Ra6 Kf5 74. Ra5+ Kxg6 1/2-1/2

[Event "4NCL Online Division 4"]
[Site "online"]
[Date "2021.02.09"]
[EventDate "2021.02.09"]
[Round "2.112"]
[White "Nettleton, Robin"]
[WhiteElo "1393"]
[WhiteTeam "Harrow 3"]
[Black "Taylor, Mark V"]
[BlackElo "1841"]
[BlackTeam "Crowthorne 1"]
[Result "0-1"]
[PlyCount "98"]

1. d4 g6 2. Bf4 Bg7 3. c3 d6 4. e3 Nd7 5. Bc4 e5 6. Bg3 Nh6 7. h4 Nf5 8. Ne2 Nxg3 9. Nxg3 h5 10. Nd2 Nf6 11. f3 Qe7 12. Bb3 exd4 13. cxd4 Qxe3+ 14. Qe2 Qxe2+ 15. Nxe2 O-O 16. O-O Bf5 17. Ng3 Bd3 18. Rfe1 Rfe8 19. Bc4 Bxc4 20. Nxc4 Nd5 21. Rad1 Rxe1+ 22. Rxe1 Bxd4+ 23. Kh1 Bf6 24. b3 Bxh4 25. Kh2 Kf8 26. Rd1 Nf4 27. Nf1 Bf6 28. Rd2 b6 29. g3 Ne6 30. Nce3 Bd4 31. Nc2 c5 32. Nxd4 Nxd4 33. Kg2 Re8 34. Kf2 Rd8 35. Rd3 d5 36. Rd2 Ke7 37. Ne3 Kd6 38. Ng2 Kc6 39. Rd3 Ne6 40. Ke3 b5 41. Nf4 c4 42. Nxe6 Re8 43. bxc4 Rxe6+ 44. Kf4 bxc4 45. Ra3 Re7 46. Kg5 d4 47. Kf6 Rd7 48. Ra4 Kb5 49. Ra3 d3 0-1

[Event "4NCL Online Division 4"]
[Site "online"]
[Date "2021.02.09"]
[EventDate "2021.02.09"]
[Round "2.113"]
[White "Green, George D A"]
[WhiteElo "1797"]
[WhiteTeam "Crowthorne 1"]
[Black "Dilukshan, Manoharan"]
[BlackElo "1407"]
[BlackTeam "Harrow 3"]
[Result "1-0"]
[PlyCount "80"]

1. Nf3 Nc6 2. d4 Nf6 3. c4 g6 4. Nc3 Bg7 5. g3 d5 6. cxd5 Nxd5 7. Bg2 Nxc3 8. bxc3 O-O 9. O-O e5 10. Ba3 Re8 11. d5 e4 12. dxc6 Qxd1 13. Raxd1 exf3 14. Bxf3 b6 15. c4 Ba6 16. Rd7 Bxc4 17. Rxc7 Bxe2 18. Bd5 Bxf1 19. Bxf7+ Kh8 20. Bxe8 Rxe8 21. Kxf1 a5 22. Rd7 Bf6 23. c7 Rc8 24. Bb2 Rxc7 25. Rxc7 Bxb2 26. Ke2 Bd4 27. f3 h6 28. Kd3 Bc5 29. Kc4 Kg8 30. Rxc5 bxc5 31. Kxc5 Kf7 32. Kb5 Ke6 33. Kxa5 Ke5 34. Kb5 Kd6 35. Kb6 g5 36. a4 Kd5 37. a5 Kd4 38. a6 Ke3 39. a7 Kxf3 40. a8=Q+ Kg4 1-0

[Event "4NCL Online Division 4"]
[Site "online"]
[Date "2021.02.09"]
[EventDate "2021.02.09"]
[Round "2.114"]
[White "Walker, David J R"]
[WhiteElo "1264"]
[WhiteTeam "Harrow 3"]
[Black "Love, James"]
[BlackElo "1652"]
[BlackTeam "Crowthorne 1"]
[Result "0-1"]
[PlyCount "72"]

1. d4 e6 2. c4 f5 3. Nc3 Nf6 4. Bg5 Be7 5. e3 O-O 6. Nf3 b6 7. Be2 Bb7 8. O-O h6 9. Bxf6 Bxf6 10. Re1 d6 11. Rc1 Nd7 12. Bd3 Qe8 13. Ne2 Bxf3 14. gxf3 Qg6+ 15. Kf1 e5 16. Ng3 Bh4 17. Bxf5 Rxf5 18. Nxf5 Qxf5 19. Ke2 exd4 20. Qxd4 Ne5 21. Qxh4 Qxf3+ 22. Kd2 d5 23. b3 dxc4 24. bxc4 b5 25. cxb5 Qd5+ 26. Kc3 Qc5+ 27. Kb3 Qxb5+ 28. Ka3 Nd3 29. Rb1 Qc5+ 30. Ka4 Nxe1 31. Rxe1 Rb8 32. Qd4 Qb5+ 33. Ka3 Qa5+ 34. Qa4 Qc3+ 35. Qb3+ Rxb3+ 36. axb3 Qxe1 0-1

[Event "4NCL Online Division 4"]
[Site "online"]
[Date "2021.02.09"]
[EventDate "2021.02.09"]
[Round "2.121"]
[White "Wong, Tristan"]
[WhiteElo "1586"]
[WhiteTeam "Warwickshire Bears B"]
[Black "Lonsdale, Jon I"]
[BlackElo "1922"]
[BlackTeam "Manchester Manticores 2"]
[Result "1/2-1/2"]
[PlyCount "71"]

1. d4 Nf6 2. Bf4 e6 3. e3 c5 4. c3 Be7 5. Bd3 Nc6 6. Nf3 b6 7. Nbd2 O-O 8. Qe2 Bb7 9. Ne5 d6 10. Ng4 cxd4 11. Nxf6+ Bxf6 12. exd4 e5 13. dxe5 Nxe5 14. Be4 d5 15. Bc2 d4 16. Bxe5 Bxe5 17. O-O-O Bf4 18. Kb1 d3 19. Bxd3 Re8 20. Be4 Bxd2 21. f3 Bxe4+ 22. fxe4 Qe7 23. Rxd2 Qxe4+ 24. Qxe4 Rxe4 25. Rhd1 Kf8 26. Kc2 f6 27. b4 Rae8 28. Kb3 h5 29. Rd7 R8e7 30. R1d5 g5 31. R7d6 Kf7 32. Rf5 R7e6 33. Rd7+ Re7 34. Rd6 R7e6 35. Rd7+ Re7 36. Rd6 1/2-1/2

[Event "4NCL Online Division 4"]
[Site "online"]
[Date "2021.02.09"]
[EventDate "2021.02.09"]
[Round "2.122"]
[White "Sheppard, Daniel C"]
[WhiteElo "1869"]
[WhiteTeam "Manchester Manticores 2"]
[Black "Vaidyanathan, Adithya"]
[BlackElo "1453"]
[BlackTeam "Warwickshire Bears B"]
[Result "1-0"]
[PlyCount "97"]

1. d4 e6 2. c4 d5 3. Nc3 Nf6 4. Bf4 c6 5. e3 Bb4 6. Nf3 Qa5 7. Qb3 Ne4 8. Rc1 Bxc3+ 9. bxc3 dxc4 10. Bxc4 b5 11. Bd3 Nf6 12. Bd6 Qd8 13. Ba3 a6 14. O-O Nbd7 15. c4 Bb7 16. Bd6 Nb6 17. Ba3 Nbd7 18. Ng5 h6 19. Nxe6 Qc8 20. Nxg7+ Kd8 21. cxb5 axb5 22. Bxb5 Ba6 23. Rxc6 Qb7 24. Qxf7 Qxc6 25. Bxc6 Bxf1 26. Bxa8 Ba6 27. Bc6 Kc8 28. Bxd7+ Nxd7 29. Qe6 Rh7 30. Qxa6+ Kd8 31. Qa8+ Kc7 32. Ne6+ Kb6 33. Qd8+ Kc6 34. e4 Kb5 35. Qc7 Nb6 36. Qxh7 Ka4 37. Qa7+ Kb5 38. Qxb6+ Kxb6 39. f4 Kc6 40. f5 Kd7 41. e5 Ke8 42. d5 Kd7 43. f6 Ke8 44. g4 Kd7 45. f7 Kc8 46. f8=Q+ Kb7 47. Qb4+ Ka6 48. Nc5+ Ka7 49. Qb7# 1-0

[Event "4NCL Online Division 4"]
[Site "online"]
[Date "2021.02.09"]
[EventDate "2021.02.09"]
[Round "2.123"]
[White "He, Tom Junde"]
[WhiteElo "1406"]
[WhiteTeam "Warwickshire Bears B"]
[Black "Potter, Steven"]
[BlackElo "1833"]
[BlackTeam "Manchester Manticores 2"]
[Result "0-1"]
[PlyCount "78"]

1. e4 b6 2. Nc3 e6 3. d4 Bb7 4. Nf3 Bb4 5. Bd3 Nf6 6. Qe2 d5 7. e5 Ne4 8. Bd2 Bxc3 9. bxc3 Nxd2 10. Qxd2 h6 11. Qe3 Qe7 12. Nd2 Nd7 13. f3 O-O 14. O-O c5 15. c4 cxd4 16. Qxd4 Qc5 17. Qxc5 Nxc5 18. cxd5 Bxd5 19. Nb3 Nxd3 20. cxd3 Rfd8 21. Rfd1 Rac8 22. Nd4 a6 23. Ne2 Rc2 24. Nc1 Rdc8 25. Nb3 g5 26. h3 h5 27. Nc1 g4 28. Rf1 Rd2 29. Rb1 Rcc2 30. Ne2 Rxe2 31. Rfc1 Rxg2+ 32. Kf1 Rcf2+ 33. Ke1 gxh3 34. Rb4 h2 35. Rh4 Rxa2 36. Rc8+ Kg7 37. Rg8+ Kxg8 38. Rg4+ hxg4 39. fxg4 h1=R# 0-1

[Event "4NCL Online Division 4"]
[Site "online"]
[Date "2021.02.09"]
[EventDate "2021.02.09"]
[Round "2.124"]
[White "Green, Tom D A"]
[WhiteElo "1259"]
[WhiteTeam "Manchester Manticores 2"]
[Black "Miller, Kai"]
[BlackElo "1416"]
[BlackTeam "Warwickshire Bears B"]
[Result "1-0"]
[PlyCount "39"]

1. e4 e5 2. f4 Nc6 3. Nf3 d6 4. Bc4 Nf6 5. Nc3 Be7 6. O-O O-O 7. d3 Bg4 8. h3 Bh5 9. g4 Nxg4 10. hxg4 Bxg4 11. Qd2 Bh4 12. Qg2 Bxf3 13. Rxf3 Nd4 14. Rh3 Bf6 15. fxe5 Bxe5 16. Bg5 Qd7 17. Nd5 h6 18. Bf6 g6 19. Bxe5 dxe5 20. Nf6+ 1-0

[Event "4NCL Online Division 4"]
[Site "online"]
[Date "2021.02.09"]
[EventDate "2021.02.09"]
[Round "2.131"]
[White "Morrell, Sean"]
[WhiteElo "1751"]
[WhiteTeam "Watford Juniors A"]
[Black "Bell, Alan D"]
[BlackElo "1982"]
[BlackTeam "Grangemouth Gambiteers"]
[Result "1-0"]
[PlyCount "43"]

1. e4 e5 2. Nf3 Nc6 3. Bc4 Nf6 4. d4 exd4 5. O-O Nxe4 6. Nc3 Nxc3 7. bxc3 d5 8. Bb5 Bd6 9. Re1+ Be6 10. Nxd4 O-O 11. Nxe6 fxe6 12. Rxe6 Kh8 13. Qh5 g6 14. Qh3 Ne7 15. Bg5 Bc5 16. Rae1 Bxf2+ 17. Kh1 Bxe1 18. Rxe7 h5 19. Qe3 Bxc3 20. Bf6+ Rxf6 21. Qh6+ Kg8 22. Qg7# 1-0

[Event "4NCL Online Division 4"]
[Site "online"]
[Date "2021.02.09"]
[EventDate "2021.02.09"]
[Round "2.132"]
[White "McLay, John W"]
[WhiteElo "1900"]
[WhiteTeam "Grangemouth Gambiteers"]
[Black "Dasgupta, Avyukt"]
[BlackElo "1664"]
[BlackTeam "Watford Juniors A"]
[Result "1-0"]
[PlyCount "109"]

1. e4 e6 2. d4 d5 3. Nc3 dxe4 4. Nxe4 Nd7 5. Nf3 Ngf6 6. Ng3 Be7 7. Bd3 b6 8. O-O Bb7 9. Re1 Rc8 10. c4 O-O 11. b3 c5 12. Bb2 cxd4 13. Nxd4 Nc5 14. Bc2 Nfd7 15. Qe2 Bf6 16. Rad1 Qe7 17. Ngf5 Qd8 18. Nd6 Rb8 19. Nxb7 Rxb7 20. b4 Na6 21. Qe4 g6 22. Qxb7 Nxb4 23. Ba4 Nc5 24. Qxa7 Ncd3 25. Re2 Bxd4 26. Bxd4 Qxd4 27. Red2 Qc5 28. a3 b5 29. Qxc5 Nxc5 30. axb4 Nxa4 31. cxb5 Nc3 32. Rd8 Nxb5 33. Rxf8+ Kxf8 34. Kf1 Ke7 35. Rd3 Nd6 36. Ke2 Nc4 37. Rc3 Nb6 38. Rc7+ Kf6 39. Rb7 Nd5 40. b5 Nc3+ 41. Kd3 Nd5 42. Kd4 h5 43. Kc5 g5 44. Rd7 Nf4 45. b6 Nxg2 46. b7 Nf4 47. b8=Q Nd5 48. Qh8+ Kg6 49. Qg8+ Kf6 50. Qxf7+ Ke5 51. Rxd5+ exd5 52. Qxh5 Kf4 53. Kxd5 Kf5 54. h4 Kf4 55. Qxg5+ 1-0

[Event "4NCL Online Division 4"]
[Site "online"]
[Date "2021.02.09"]
[EventDate "2021.02.09"]
[Round "2.133"]
[White "Demjan, Denisz"]
[WhiteElo "1286"]
[WhiteTeam "Watford Juniors A"]
[Black "Mason, Ian C"]
[BlackElo "1872"]
[BlackTeam "Grangemouth Gambiteers"]
[Result "1/2-1/2"]
[PlyCount "49"]

1. d4 Nf6 2. c4 g6 3. b3 Bg7 4. Bb2 O-O 5. Nf3 d6 6. Nbd2 Bg4 7. e3 a5 8. Be2 Na6 9. h3 Bc8 10. O-O c5 11. d5 Bd7 12. Qc2 a4 13. Ne4 Nb4 14. Nxf6+ exf6 15. Qc3 a3 16. Bc1 f5 17. Nd4 Nxd5 18. cxd5 cxd4 19. exd4 Qb6 20. Rd1 Rfe8 21. Bf3 Rac8 22. Qd2 Ra8 23. Qc3 Rec8 24. Qe3 Re8 25. Qc3 1/2-1/2

[Event "4NCL Online Division 4"]
[Site "online"]
[Date "2021.02.09"]
[EventDate "2021.02.09"]
[Round "2.134"]
[White "Kitaev, Daniel"]
[WhiteElo "1352"]
[WhiteTeam "Grangemouth Gambiteers"]
[Black "George, Seb"]
[BlackElo "1301"]
[BlackTeam "Watford Juniors A"]
[Result "1-0"]
[PlyCount "59"]

1. e4 e5 2. Nf3 Nc6 3. Bc4 Nf6 4. d3 Bc5 5. h3 d6 6. Be3 Bxe3 7. fxe3 h6 8. Nc3 Be6 9. Bb3 O-O 10. O-O Qd7 11. d4 Bxb3 12. axb3 a6 13. Qd2 Rad8 14. Rad1 g5 15. Nxg5 hxg5 16. Rxf6 Kg7 17. Rdf1 Qe7 18. Nd5 Qd7 19. R1f5 Ne7 20. Rxg5+ Ng6 21. Qf2 c6 22. Nc3 Qe7 23. Qf5 Qxf6 24. Qg4 exd4 25. Ne2 dxe3 26. Nf4 Rde8 27. Nh5+ Kh6 28. Nxf6 Re6 29. Rxg6+ fxg6 30. Qxe6 1-0

[Event "4NCL Online Division 4"]
[Site "online"]
[Date "2021.02.09"]
[EventDate "2021.02.09"]
[Round "2.141"]
[White "Granat, Russell G"]
[WhiteElo "2266"]
[WhiteTeam "Farnham A"]
[Black "Jayawarna, Thisumi"]
[BlackElo "1626"]
[BlackTeam "Manchester Juniors B"]
[Result "1-0"]
[PlyCount "65"]

1. e4 d5 2. exd5 Qxd5 3. Nc3 Qa5 4. Bc4 Nf6 5. d3 Bf5 6. Bd2 c6 7. Nd5 Qd8 8. Nxf6+ gxf6 9. Ne2 Bg7 10. Ng3 Bg6 11. f4 e6 12. f5 exf5 13. O-O O-O 14. Nxf5 Re8 15. Nxg7 Kxg7 16. Bc3 Nd7 17. a4 Ne5 18. Bb3 Qc7 19. a5 Rad8 20. Ra4 c5 21. Qc1 Rd6 22. Rh4 Nd7 23. Qh6+ Kg8 24. Rg4 Ne5 25. Rg3 Qd7 26. Qf4 Kg7 27. Ba4 Nc6 28. Bxf6+ Kg8 29. Bc3 Qe7 30. Bb3 Nd8 31. h4 h5 32. Qh6 Rd4 33. Rxg6# 1-0

[Event "4NCL Online Division 4"]
[Site "online"]
[Date "2021.02.09"]
[EventDate "2021.02.09"]
[Round "2.142"]
[White "Correa, Rebecca"]
[WhiteElo "1463"]
[WhiteTeam "Manchester Juniors B"]
[Black "Richardson, Kevin D"]
[BlackElo "2154"]
[BlackTeam "Farnham A"]
[Result "0-1"]
[PlyCount "78"]

1. d4 Nf6 2. Nf3 g6 3. Bf4 Bg7 4. h3 d6 5. e3 O-O 6. Be2 Nbd7 7. O-O b6 8. Nbd2 Bb7 9. c3 Re8 10. Rc1 e5 11. dxe5 dxe5 12. Bh2 Qe7 13. Nb3 Rad8 14. Qc2 c5 15. Rfd1 h6 16. Nfd2 Bc6 17. Bf3 e4 18. Be2 Ne5 19. Nc4 Nd3 20. Ra1 Qe6 21. Ncd2 Qf5 22. Rf1 Qg5 23. Nc1 c4 24. Nxc4 b5 25. Nd2 Rd7 26. Nxd3 exd3 27. Nf3 dxc2 28. Nxg5 hxg5 29. Rac1 Rd2 30. Rfe1 Red8 31. Bg3 Ne4 32. Kh2 b4 33. f3 Nxg3 34. Kxg3 bxc3 35. b3 Bf8 36. Kg4 Ba3 37. Ra1 Bb2 38. Rab1 cxb1=Q 39. Rxb1 Rxe2 0-1

[Event "4NCL Online Division 4"]
[Site "online"]
[Date "2021.02.09"]
[EventDate "2021.02.09"]
[Round "2.143"]
[White "Warren, Alex M"]
[WhiteElo "2000"]
[WhiteTeam "Farnham A"]
[Black "Fairclough, William"]
[BlackElo "1443"]
[BlackTeam "Manchester Juniors B"]
[Result "1-0"]
[PlyCount "81"]

1. Nf3 Nf6 2. c4 e6 3. g3 d5 4. Bg2 dxc4 5. Qa4+ Bd7 6. Qxc4 Nc6 7. O-O Bd6 8. d4 O-O 9. Nc3 Re8 10. e4 e5 11. d5 Na5 12. Qd3 c6 13. Rd1 cxd5 14. Nxd5 Bc6 15. Nxf6+ Qxf6 16. Bg5 Qg6 17. Qxd6 Qxd6 18. Rxd6 Bxe4 19. Nd2 Bxg2 20. Kxg2 e4 21. Rc1 f6 22. Be3 b6 23. b4 Nb7 24. Rd7 Nd8 25. Rcc7 Ne6 26. Rxa7 Rxa7 27. Rxa7 b5 28. Nxe4 Nd8 29. Nd6 Re6 30. Nxb5 Nc6 31. Nd4 Nxd4 32. Bxd4 Re4 33. Bc5 Rg4 34. a4 h5 35. a5 h4 36. a6 hxg3 37. hxg3 f5 38. Rb7 f4 39. a7 fxg3 40. a8=Q+ Kh7 41. fxg3 1-0

[Event "4NCL Online Division 4"]
[Site "online"]
[Date "2021.02.09"]
[EventDate "2021.02.09"]
[Round "2.144"]
[White "Eccleston, Bryony"]
[WhiteElo "1387"]
[WhiteTeam "Manchester Juniors B"]
[Black "Abhishek, Pradhan"]
[BlackElo "1860"]
[BlackTeam "Farnham A"]
[Result "0-1"]
[PlyCount "104"]

1. d4 f5 2. Bf4 Nf6 3. e3 g6 4. Nf3 d6 5. Nbd2 Bg7 6. Bd3 O-O 7. c3 Qe8 8. O-O Kh8 9. Qb3 Nc6 10. Rac1 e5 11. dxe5 dxe5 12. Bxe5 Nxe5 13. Nxe5 Qxe5 14. Nf3 Qe8 15. Bc4 h6 16. Rcd1 a6 17. Rd4 b5 18. Be2 Be6 19. c4 Ne4 20. Rdd1 bxc4 21. Bxc4 Rb8 22. Qd3 Nc5 23. Qa3 Bxc4 24. Qxc5 Bxf1 25. Rxf1 Rxb2 26. Qxc7 Qb8 27. Qc4 Qb5 28. Qc1 Rb8 29. Nd2 Qd3 30. Rd1 Rxd2 31. Rf1 Rd8 32. h3 Rd1 33. Rxd1 Qxd1+ 34. Qxd1 Rxd1+ 35. Kh2 Ra1 36. Kg3 Rxa2 37. Kf3 Rb2 38. Kg3 a5 39. Kh2 a4 40. Kg3 a3 41. Kf3 a2 42. Kg3 a1=Q 43. Kf3 Qa8+ 44. Kg3 Be5+ 45. Kh4 Rb4+ 46. f4 Bxf4 47. exf4 Rxf4+ 48. g4 Qd8+ 49. Kg3 Qg5 50. Kh2 fxg4 51. hxg4 Rxg4 52. Kh3 Qh4# 0-1

[Event "4NCL Online Division 4"]
[Site "online"]
[Date "2021.02.09"]
[EventDate "2021.02.09"]
[Round "2.151"]
[White "Chilton, James I"]
[WhiteElo "1858"]
[WhiteTeam "Wessex Some Stars D"]
[Black "Harris, Michael T"]
[BlackElo "2052"]
[BlackTeam "Bristol Cabot Blackbeards"]
[Result "0-1"]
[PlyCount "92"]

1. e4 e5 2. Nf3 f5 3. Nxe5 Nc6 4. Qh5+ g6 5. Nxg6 Nf6 6. Qh3 Rg8 7. Nxf8 Rxf8 8. exf5 d5 9. Bd3 Qe7+ 10. Kd1 Ne4 11. Bxe4 dxe4 12. g4 Bd7 13. Nc3 O-O-O 14. Re1 h5 15. Rxe4 hxg4 16. Qg3 Qc5 17. d3 Rxf5 18. Be3 Qf8 19. Rf4 Ne5 20. Nd5 Qd6 21. Nc3 Rh5 22. Ne4 Qc6 23. Rf6 Qd5 24. Ke2 Bf5 25. Qf4 Nxd3 26. cxd3 Qxd3+ 27. Ke1 Qxe4 28. Rxf5 Qxf5 29. Rc1 Qxf4 30. Bxf4 Rh7 31. Bg3 Re7+ 32. Kf1 Rd2 33. Rc4 Rxb2 34. a4 a5 35. Rxg4 Rb4 36. Rg8+ Kd7 37. h4 Rxa4 38. h5 Rh7 39. Rg5 b6 40. f4 Re4 41. f5 a4 42. f6 Ke6 43. Rg7 Rxg7 44. fxg7 Kf7 45. h6 Kg8 46. Be1 Rxe1+ 0-1

[Event "4NCL Online Division 4"]
[Site "online"]
[Date "2021.02.09"]
[EventDate "2021.02.09"]
[Round "2.152"]
[White "Rossiter, Alex"]
[WhiteElo "1963"]
[WhiteTeam "Bristol Cabot Blackbeards"]
[Black "Coburn, Joseph A"]
[BlackElo "1777"]
[BlackTeam "Wessex Some Stars D"]
[Result "1-0"]
[PlyCount "93"]

1. e4 d6 2. d4 Nf6 3. Nc3 g6 4. f4 Bg7 5. Nf3 c6 6. Bd3 Qc7 7. O-O Nbd7 8. Qe1 e5 9. fxe5 dxe5 10. Nxe5 Nxe5 11. dxe5 Qxe5 12. Bf4 Qe6 13. e5 Nh5 14. Ne4 O-O 15. Ng5 Qd5 16. Qh4 h6 17. Nf3 Nxf4 18. Qxf4 Be6 19. Rfe1 Rad8 20. Qa4 Qc5+ 21. Kh1 b5 22. Qa5 Rd7 23. a4 Bc4 24. b4 Qe7 25. Bxc4 bxc4 26. Rab1 Rfd8 27. Qa6 Qe6 28. h3 Bf8 29. Kh2 Rb8 30. c3 Rb6 31. Qc8 Rd3 32. Qxe6 fxe6 33. Rbc1 a5 34. bxa5 Ra6 35. Re4 Rxa5 36. Rxc4 Rc5 37. Rxc5 Bxc5 38. a5 Rd7 39. Nd4 Bxd4 40. cxd4 Rxd4 41. Rxc6 Kf7 42. Rc7+ Ke8 43. a6 Ra4 44. a7 Kd8 45. Rg7 g5 46. a8=Q+ Rxa8 47. Rg8+ 1-0

[Event "4NCL Online Division 4"]
[Site "online"]
[Date "2021.02.09"]
[EventDate "2021.02.09"]
[Round "2.153"]
[White "Moore, Gillian A"]
[WhiteElo "1779"]
[WhiteTeam "Wessex Some Stars D"]
[Black "Marston, Alastair"]
[BlackElo "1766"]
[BlackTeam "Bristol Cabot Blackbeards"]
[Result "1/2-1/2"]
[PlyCount "55"]

1. d4 Nf6 2. Nc3 d5 3. Bf4 e6 4. e3 Bb4 5. Bd3 c5 6. dxc5 Nbd7 7. Ne2 Bxc5 8. Bg5 a6 9. O-O Ne5 10. h3 Bd7 11. Nd4 Bxd4 12. exd4 Nxd3 13. Qxd3 O-O 14. Rfe1 Rc8 15. Qg3 h6 16. Bd2 Kh8 17. b3 Qc7 18. Qe5 b5 19. Rac1 Bc6 20. Ne2 Qxe5 21. dxe5 Nd7 22. Bb4 Rfe8 23. f4 Bb7 24. Nd4 Nc5 25. Kh2 Ne4 26. Ne2 Rc6 27. Nd4 Rcc8 28. Ne2 1/2-1/2

[Event "4NCL Online Division 4"]
[Site "online"]
[Date "2021.02.09"]
[EventDate "2021.02.09"]
[Round "2.154"]
[White "Saha, Soumil"]
[WhiteElo "1176"]
[WhiteTeam "Bristol Cabot Blackbeards"]
[Black "Blanden, Edward"]
[BlackElo "1712"]
[BlackTeam "Wessex Some Stars D"]
[Result "0-1"]
[PlyCount "86"]

1. Nf3 Nf6 2. g3 d5 3. d4 Bf5 4. Bg2 e6 5. Nh4 Be4 6. Bg5 Bxg2 7. Nxg2 h6 8. Bxf6 Qxf6 9. O-O Bd6 10. c3 Nd7 11. f4 g6 12. Nh4 Qe7 13. Nf3 O-O-O 14. Nbd2 g5 15. e3 Rdg8 16. Ne1 f5 17. a4 h5 18. Ng2 Nf6 19. fxg5 Rxg5 20. Nf3 Rg7 21. Nfh4 Rg4 22. Kh1 Ne4 23. Nf4 Qf7 24. Qc2 Be7 25. Nhg6 Rxg6 26. Nxg6 Qxg6 27. Rg1 f4 28. Rac1 fxg3 29. c4 Qg4 30. cxd5 Qf3+ 31. Rg2 Nf2+ 32. Kg1 gxh2+ 33. Kxh2 Bd6+ 34. Kg1 Nh3+ 35. Kh1 exd5 36. Qg6 Nf2+ 37. Kg1 Ng4 38. Rf1 Qxe3+ 39. Kh1 Qh3+ 40. Kg1 Bh2+ 41. Kh1 Be5+ 42. Kg1 Bxd4+ 43. Rgf2 Qh2# 0-1

[Event "4NCL Online Division 4"]
[Site "online"]
[Date "2021.02.09"]
[EventDate "2021.02.09"]
[Round "2.161"]
[White "Horspool, Philip J"]
[WhiteElo "2040"]
[WhiteTeam "Wigston 2"]
[Black "Jaunooby, Ali R"]
[BlackElo "2244"]
[BlackTeam "Manchester Manticores 1"]
[Result "0-1"]
[PlyCount "72"]

1. e4 c5 2. Nc3 e6 3. f4 a6 4. Nf3 Nc6 5. Be2 d6 6. O-O g6 7. Qe1 Bg7 8. d3 Nb4 9. Bd1 b5 10. f5 Ne7 11. Qh4 exf5 12. Bg5 h6 13. Bd2 g5 14. Qg3 f4 15. Bxf4 Bxc3 16. Nxg5 Bd4+ 17. Kh1 hxg5 18. Bxg5 Bxb2 19. Qf3 Be6 20. Rb1 Be5 21. c3 Rxh2+ 22. Kg1 Nbc6 23. Bf4 Rh4 24. Bxe5 Nxe5 25. Qg3 N7g6 26. d4 cxd4 27. cxd4 Qb6 28. Qf2 Rf4 29. Qe3 Nc4 30. Qc3 Rxe4 31. Bf3 Rxd4 32. Rf2 Rc8 33. Re1 Nce5 34. Qe3 Nd3 35. Rd2 Nge5 36. Red1 Nc4 0-1

[Event "4NCL Online Division 4"]
[Site "online"]
[Date "2021.02.09"]
[EventDate "2021.02.09"]
[Round "2.162"]
[White "Stoker, Andrew J"]
[WhiteElo "2019"]
[WhiteTeam "Manchester Manticores 1"]
[Black "Turner, Lewis A"]
[BlackElo "1917"]
[BlackTeam "Wigston 2"]
[Result "0-1"]
[PlyCount "70"]

1. e4 c5 2. Nf3 d6 3. d4 cxd4 4. Nxd4 Nf6 5. Nc3 g6 6. Be3 Bg7 7. Be2 O-O 8. Nb3 Nc6 9. f4 Be6 10. g4 Qc8 11. h3 Nb4 12. Nd4 Nxe4 13. Nxe4 Bxd4 14. Bxd4 Nxc2+ 15. Kf2 Nxa1 16. Qxa1 f5 17. Rc1 Qd7 18. Ng5 Bd5 19. Kg3 e5 20. Be3 h6 21. Nf3 g5 22. Kh2 fxg4 23. Rg1 exf4 24. Rxg4 fxe3 25. Qd1 Qf5 26. Kg3 Rac8 27. h4 Be6 28. Nxg5 Qf2+ 29. Kh3 Bxg4+ 30. Bxg4 hxg5 31. Qd5+ Rf7 32. Qxg5+ Rg7 33. Qd5+ Kh8 34. Qxd6 Qf1+ 35. Kg3 Rxg4+ 0-1

[Event "4NCL Online Division 4"]
[Site "online"]
[Date "2021.02.09"]
[EventDate "2021.02.09"]
[Round "2.163"]
[White "Kruitbosch, Gijs"]
[WhiteElo "1803"]
[WhiteTeam "Wigston 2"]
[Black "Reed, John"]
[BlackElo "1885"]
[BlackTeam "Manchester Manticores 1"]
[Result "1/2-1/2"]
[PlyCount "170"]

1. e4 e5 2. Nf3 Nc6 3. Bb5 a6 4. Ba4 d6 5. O-O Bd7 6. d4 Nf6 7. Bg5 b5 8. Bb3 Be7 9. Re1 Nxd4 10. Nxd4 exd4 11. a4 h6 12. Bh4 O-O 13. axb5 axb5 14. Rxa8 Qxa8 15. e5 dxe5 16. Rxe5 Bd6 17. Bxf6 gxf6 18. Rh5 Qe4 19. Nd2 Qg6 20. Rh4 Re8 21. Nf1 c5 22. Bd5 Kh7 23. Qd2 Qg5 24. Qxg5 fxg5 25. Re4 Rxe4 26. Bxe4+ f5 27. Bd5 Kg6 28. g3 Kf6 29. Nd2 c4 30. Kf1 Ke5 31. Bf7 Bb4 32. Ke2 Bxd2 33. Kxd2 Bc6 34. Ke2 f4 35. Bh5 Be4 36. Kd2 b4 37. Bf7 Bd5 38. Bg6 Be6 39. Bh7 Bd7 40. Bg8 Bb5 41. Bf7 d3 42. c3 b3 43. Bg8 fxg3 44. hxg3 Kf5 45. f3 h5 46. Bd5 h4 47. gxh4 gxh4 48. Ke3 h3 49. f4 h2 50. Be4+ Kg4 51. f5 Be8 52. f6 Bg6 53. Bf3+ Kg5 54. Kf2 Kxf6 55. Kg2 d2 56. Kxh2 Bc2 57. Kg3 d1=Q 58. Bxd1 Bxd1 59. Kf4 Be2 60. Ke4 Bd3+ 61. Kf4 Ke6 62. Kf3 Ke5 63. Ke3 Bc2 64. Kf3 Kf5 65. Ke3 Kg4 66. Kd4 Bd3 67. Ke3 Kg3 68. Kd2 Kf2 69. Kc1 Ke3 70. Kd1 Bf1 71. Kc1 Kd3 72. Kd1 Bg2 73. Kc1 Ke2 74. Kb1 Kf2 75. Kc1 Be4 76. Kd1 Ke3 77. Kc1 Kf2 78. Kd1 Kf1 79. Kc1 Bf3 80. Kd2 Bg4 81. Kc1 Ke1 82. Kb1 Kd2 83. Ka1 Kd1 84. Kb1 Bf5+ 85. Ka1 Kc1 1/2-1/2

[Event "4NCL Online Division 4"]
[Site "online"]
[Date "2021.02.09"]
[EventDate "2021.02.09"]
[Round "2.164"]
[White "Kobryn, Peter J"]
[WhiteElo "1946"]
[WhiteTeam "Manchester Manticores 1"]
[Black "Mottram, Paul"]
[BlackElo "1480"]
[BlackTeam "Wigston 2"]
[Result "1-0"]
[PlyCount "87"]

1. d4 d5 2. c4 c6 3. Nc3 Nf6 4. Nf3 dxc4 5. e3 b5 6. Bd2 e6 7. a4 b4 8. Na2 a5 9. Bxc4 Nbd7 10. O-O Be7 11. Nc1 O-O 12. Re1 Bb7 13. b3 Ne4 14. Nd3 Nb6 15. Nde5 c5 16. Bf1 Nd5 17. Qc2 Ndc3 18. Bd3 cxd4 19. Bxc3 Nxc3 20. Bxh7+ Kh8 21. exd4 Bf6 22. Bd3 Bxf3 23. Nxf3 Bxd4 24. Be4 Rc8 25. Qd3 Qb6 26. Nxd4 g6 27. Qh3+ Kg7 28. Nf3 Rh8 29. Qg3 Qa6 30. Nd4 Rhd8 31. Qe5+ Kg8 32. h4 Qd6 33. Qxd6 Rxd6 34. Nf3 Rcd8 35. Ne5 Kg7 36. Nc4 Rd4 37. Bf3 Ra8 38. g3 Ra7 39. Re5 Kf6 40. Rae1 Kg7 41. Rxa5 Rad7 42. Ne5 Rc7 43. Nc6 Nd5 44. Nxd4 1-0